| 000 | 00523nam a2200193Ia 4500 | ||
|---|---|---|---|
| 003 | SISC | ||
| 005 | 20181022085334.0 | ||
| 008 | 181016s9999 xx 000 0 und d | ||
| 020 | _a9780446556736 | ||
| 050 |
_aPS 3553 _b.C752 2012 |
||
| 100 | _aConnelly, Michael | ||
| 245 |
_cMichael Connelly _aThe black box/ |
||
| 260 |
_aNY: _bHieronymus, Inc. _c2012 |
||
| 300 |
_a409 pages : _c17 cm. |
||
| 650 | _acold cases (criminal investigation) | ||
| 650 | _amurder -- investigation | ||
| 942 |
_2lcc _cBK |
||
| 999 |
_c359233 _d359233 |
||